Efeito de niveis de zinco sobre a cultura do arroz em solo de cerrado [Oryza sativa, arroz de sequeiro, bronzeamento, deficiencia mineral, Goias] (Registro n. 92497)
[ somente texto ]
| 000 -LÍDER | |
|---|---|
| campo de controle de tamanho fixo | 01127nas a2200349 4500 |
| 001 - NÚMERO DE CONTROLE | |
| campo de controle | BR7305364 |
| 003 - IDENTIFICADOR DO NÚMERO DE CONTROLE | |
| campo de controle | BR-BrBNA |
| 005 - DATA E HORÁRIO DA ÚLTIMA TRANSAÇÃO | |
| campo de controle | 20231205082523.0 |
| 007 - CAMPO FIXO DE DESCRIÇÃO FÍSICA--INFORMAÇÃO GERAL | |
| campo de controle de tamanho fixo | ta |
| 008 - CAMPO DE DADOS FIXOS--INFORMAÇÃO GERAL | |
| campo de controle de tamanho fixo | 230509b bl.|||p| |||| 00| 00por d |
| 040 ## - FONTE DA CATALOGAÇÃO | |
| Instituição da catalogação original | BR-BrBNA |
| Idioma da catalogação | por |
| Instituição que transcreveu o registro | Biblioteca Nacional de Agricultura |
| 041 ## - CÓDIGO DE IDIOMA | |
| Código do idioma do texto/trilha sonora ou título diferente | (Pt) |
| 072 ## - CÓDIGO DE CATEGORIA DE ASSUNTO | |
| Código de Categoria de Assunto | F25; H50 |
| 100 1# - ENTRADA PRINCIPAL--NOME PESSOAL | |
| Nome pessoal | Carvalho, Y. de |
| 100 1# - ENTRADA PRINCIPAL--NOME PESSOAL | |
| Nome pessoal | Almeida Netto, J.X. de |
| 100 1# - ENTRADA PRINCIPAL--NOME PESSOAL | |
| Nome pessoal | Valladares, L.C. |
| 100 1# - ENTRADA PRINCIPAL--NOME PESSOAL | |
| Nome pessoal | Barbosa, R.A. |
| 100 1# - ENTRADA PRINCIPAL--NOME PESSOAL | |
| Nome pessoal | Ribeiro, C.A. |
| 100 1# - ENTRADA PRINCIPAL--NOME PESSOAL | |
| Nome pessoal | Neiva, L.C. da S. |
| 245 1# - TÍTULO | |
| Título | Efeito de niveis de zinco sobre a cultura do arroz em solo de cerrado [Oryza sativa, arroz de sequeiro, bronzeamento, deficiencia mineral, Goias] |
| 650 ## - ASSUNTO--TERMO TÓPICO | |
| Cabeçalho tópico ou nome geográfico | FERTILIDADE DO SOLO |
| 650 ## - ASSUNTO--TERMO TÓPICO | |
| Cabeçalho tópico ou nome geográfico | DISTURBIO VEGETAL |
| 650 ## - ASSUNTO--TERMO TÓPICO | |
| Cabeçalho tópico ou nome geográfico | ARROZ SEQUEIRO |
| 650 ## - ASSUNTO--TERMO TÓPICO | |
| Cabeçalho tópico ou nome geográfico | DEFICIENCIA MINERAL |
| 650 ## - ASSUNTO--TERMO TÓPICO | |
| Cabeçalho tópico ou nome geográfico | ZINCO |
| 650 ## - ASSUNTO--TERMO TÓPICO | |
| Cabeçalho tópico ou nome geográfico | BRONZEAMENTO |
| 650 ## - ASSUNTO--TERMO TÓPICO | |
| Cabeçalho tópico ou nome geográfico | SULFATO |
| 650 ## - ASSUNTO--TERMO TÓPICO | |
| Cabeçalho tópico ou nome geográfico | GOIAS |
| 773 0# - ENTRADA ANALÍTICA | |
| Título | Anais da Escola de Agronomia e Veterinaria - Universidade Federal de Goias (Brazil) |
| ISSN - International Standard Serial Number | ISSN 0100-218X |
| Partes relacionadas | (1975), v. 5(1) p. 34-41 |
| Número de controle do registro | BR7305364 |
| 909 ## - | |
| -- | 202311 |
| -- | Lúcia |
| -- | 55 |
| -- | Lúcia Elande |
| 942 ## - ELEMENTOS DE ENTRADA ADICIONADOS (KOHA) | |
| Fonte da classificação ou esquema de arquivamento na estante | Classificação AGRIS |
| Ocultar no OPAC | Não |
| Tipo de material Koha | Analítica |
| Situação do descarte | Fonte da classificação ou esquema de arquivamento na estante | Situação física | Não pode ser emprestado | Biblioteca de origem | Biblioteca atual | Localização na estante | Enumeração do periódico / cronologia | Total de empréstimos | Data de último acesso | Número do exemplar | Tipo de material Koha | Fonte de aquisição |
|---|---|---|---|---|---|---|---|---|---|---|---|---|
| Classificação AGRIS | Consulta local | Biblioteca Nacional de Agricultura - Binagri | Biblioteca Nacional de Agricultura - Binagri | (1975), v. 5(1) p. 34-41 | 29/11/2023 | 01 | Periódicos | Portaria Interministerial nº 164/94 |

BINAGRI